| 000 | 00672nas a2200217 4500 | ||
|---|---|---|---|
| 001 | BR9502636 | ||
| 003 | BR-BrBNA | ||
| 005 | 20231205094014.0 | ||
| 007 | ta | ||
| 008 | 230509b bl.|||p| |||| 00| 00por d | ||
| 040 |
_aBR-BrBNA _bpor _cBiblioteca Nacional de Agricultura |
||
| 041 | _a(Pt) | ||
| 072 | _aQ03; Q05 | ||
| 100 | 1 | _aYokomizo, Y. | |
| 245 | 1 | _aIdentificacao e deteccao de adulteracaes nos condimentos | |
| 650 | _aCondimento | ||
| 650 | _aAdulteracao | ||
| 773 | 0 |
_tBoletim do Centro Tropical de Pesquisas e Tecnologia de Alimentos (Brazil) _x _g(Dec 1967), no. 12 p. 11-27 _wBR9502636 |
|
| 909 |
_a202311 _bLúcia _c55 _dLúcia Elande |
||
| 942 |
_2AGRIS _n0 _cANA |
||
| 999 |
_c141550 _d141550 |
||